000 00480nam a2200145Ia 4500
008 100122s9999 xx 000 0 und d
082 _b32532
_a823
100 _aकवीश्वर छबुताई
245 _aतुझ्याच साठीरे
260 _bगृहलक्ष्मी प्रकाशन
_c1905
300 _a94
630 _aतुझ्याच साठीरे
730 _aतुझ्याच साठीरे
942 _cBOOK
999 _c416875
_d416872